000 00795nam a2200241Ii 4500
003 JO-AjNU
008 230605s9999||||xx |||||||||||||| ||und||
017 _a2013/2/650
020 _a978-9957-94-021-8
040 _aJO-AjNU
_bara
_erda
_cJO-AjNU
041 _aara
050 1 4 _aPJ7808 2014
100 3 _aتأليف أبو ريشة، زليخة,
_eauthor
_948150
245 0 0 _aدفتر الرائحة
250 _aط1
264 3 1 _aعمان:وزارة الثقافة،2014
300 _a272ص
336 _atext
_btxt
_2rdacontent
337 _aunmediated
_bn
_2rdamedia
338 _avolume
_bnc
_2rdacarrier
490 0 _aسلسلة إصدارات التفرغ الإبداعي تصدر عن وزارة الثقافة الأردنية 20
650 4 _aالشعر العربي
_948151
999 _aA21067
_c24635
_d24635